| 000 | 00467nam a2200205Ia 4500 | ||
|---|---|---|---|
| 008 | 210210b1961 xxu||||| |||| 00| 0 eng d | ||
| 041 | _aeng | ||
| 082 | _a538/38 | ||
| 100 | _aNARASIMHAN (A G) | ||
| 245 | _aText book of practical physics | ||
| 260 |
_aMadras _b- _c1961 |
||
| 300 | _a456 | ||
| 650 | _aText | ||
| 650 | _apractical | ||
| 650 | _aphysics | ||
| 650 | _abook | ||
| 690 | _aMathematical Physics | ||
| 700 | _aRAMAMURTHY (A) | ||
| 906 | _a008986 | ||
| 999 |
_c126897 _d126897 |
||